| 000 | 00791cab a22001935a 4500 | ||
|---|---|---|---|
| 001 | L158709 | ||
| 008 | 150626e20150606xxk 000 0 eng d | ||
| 035 | _a(Sirsi) u158709 | ||
| 041 | 0 | _aeng | |
| 100 | 1 | _aKirsch, Gemma | |
| 245 | 0 | 4 | _aThe issue with preconditions |
| 260 | _c2015 | ||
| 490 |
_aEstates Gazette _v(1522) 6 June 2015, 70-71(2) |
||
| 520 | _aDiscusses options for tenants when faced with preconditions to underletting and includes relevant case law. Examines the ways tenants have tried to circumvent lease preconditions such as staying silent when faced with a change of lease provisions and entering into a separate collateral agreement to vary the terms of a lease. | ||
| 590 | _aKA | ||
| 651 | 4 | _aUnited Kingdom | |
| 690 |
_aLandlord and tenant _96252 |
||
| 942 | _n0 | ||
| 999 |
_c84664 _d84664 |
||